Le droit international privé, d'aprés les conventions de La Haye. I. Le mariage, d'après les conventions du 12 de juin 1902 / (Record no. 37816)

MARC details
000 -LEADER
campo de control de longitud fija 00912nam a2200205 i 4500
001 - NÚMERO DE CONTROL
campo de control 37816
003 - IDENTIFICADOR DE NÚMERO DE CONTROL
campo de control ES-MaACL
005 - FECHA Y HORA DE LA ÚLTIMA TRANSACCIÓN
campo de control 20230906155640.0
007 - CAMPO FIJO DE DESCRIPCIÓN FÍSICA--INFORMACIÓN GENERAL
campo de control de longitud fija t|
008 - DATOS DE LONGITUD FIJA--INFORMACIÓN GENERAL
campo de control de longitud fija 030221s1911 fr ||||1| fre d
100 1# - ENTRADA PRINCIPAL--NOMBRE DE PERSONA
Nombre de persona Buzzati, G.-C.
9 (RLIN) 33003
245 13 - MENCIÓN DEL TÍTULO
Título Le droit international privé, d'aprés les conventions de La Haye. I. Le mariage, d'après les conventions du 12 de juin 1902 /
Mención de responsabilidad, etc. G.-C. Buzzati ; traduction française du texte italien revisé et corrigé par l'auteur, par Francis Rey.
260 ## - PUBLICACIÓN, DISTRIBUCIÓN, ETC.
Lugar de publicación, distribución, etc. Paris :
Nombre del editor, distribuidor, etc. L. Larose et L. Tenin,
Fecha de publicación, distribución, etc. 1911 (
Lugar de fabricación/manufactura Mayenne :
Fabricante Charles Colin)
300 ## - DESCRIPCIÓN FÍSICA
Extensión XIV, 507 p. ;
Dimensiones 23 cm.
490 1# - MENCIÓN DE SERIE
Mención de serie Bibliothèque étrangère de droit privé / sous la direction de A. de Lapradelle
700 1# - ENTRADA AGREGADA--NOMBRE PERSONAL
Nombre de persona Rey, Francis.
9 (RLIN) 96493
830 0# - PUNTO DE ACCESO ADICIONAL DE SERIE-TÍTULO UNIFORME
Título uniforme Bibliothèque étrangère de droit privé / sous la direction de A. de Lapradelle
9 (RLIN) 229656
852 ## - LOCALIZACIÓN
Ubicación ES-MaACL
Número de control de estantería F-9218
Holdings
Estatus retirado Estado de pérdida Estado de daño No para préstamo Biblioteca de origen Biblioteca actual Ubicación en estantería Fecha de adquisición Fuente de adquisición Total de préstamos Signatura topográfica completa Código de barras Visto por última vez Precio de reemplazo Tipo de ítem Koha
        Biblioteca del Ateneo de Madrid Biblioteca del Ateneo de Madrid Sala Pecera Planta 2 17/01/2008     F-9218 1039816 23/02/2023 23/02/2023 Libro impreso